000 00546nam a2200229Ia 4500
003 OSt
005 20221005124135.0
006 a|||||r|||| 00| 0
007 ta
008 221004b |||||||| |||| 00| 0 eng d
024 _a70382
037 _cTextual
040 _aCRL
_cCRL
_beng
041 _2eng
_aeng
082 _aY1:1.5.J, K1
100 _aPower Eileen
_931052
245 0 _aMedieval people
260 _c1961
650 _aSOCIOLOGY
942 _hY1:1.5.J, K1
_cTEXL
_2cc
999 _c1049579
_d1049579